000 00475nam a22001097a 4500
008 110704t xxu||||| |||| 00| 0 eng d
010 _aCAMCF74
245 _aCourt of Appeal Misc. Cause No. 35 OF 2003 (Arising from H.C.C.S. No. 467 OF 2002) Samuel Kironde and another Vs James E.K. Balintuma
260 _c2003
500 _aCoram: HON. JUSTICE A. TWINOMUJUNI, JA (SINGLE JUDGE)
999 _c4486
_d4486